Statistics for Kitchen Utensils by Picture

Click here to take the quiz!

General Stats

  • This quiz has been taken 33 times
  • The average score is 11 of 18

Answer Stats

Answer% Correct
Grater
97%
Can Opener
90%
Whisk
90%
Cork Screw
84%
Sieve
84%
Mortar & Pestle
74%
Bottle Opener
71%
Honey Dipper
71%
Garlic Press
68%
Colander
65%
Zester
65%
Meat Grinder
61%
Pepper Mill
58%
Apple Corer
48%
Salad Spinner
45%
Cheese Slicer
42%
Cherry Pitter
16%
Ricer
13%

Score Distribution

Percentile by Number Answered

Percent of People with Each Score

Your Score History

You have not taken this quiz